Statistics for Trillion Dollar Companies

Click here to take the quiz!

General Stats

  • This quiz has been taken 50 times
  • The average score is 5 of 6

Answer Stats

2022 Peak ValueCompanyCountry% Correct
2.90 TrillionAppleUnites States
91%
1.96 TrillionAlphabet (Google)Unites States
86%
2.39 TrillionMicrosoftUnites States
86%
1.66 TrillionAmazonUnites States
74%
1.14 TrillionTeslaUnites States
71%
2.45 TrillionSaudi AramcoSaudi Arabia
54%

Score Distribution

Percentile by Number Answered

Percent of People with Each Score

Your Score History

You have not taken this quiz